[Event "IECG WC.2005.F.00004 email"]
[Site "IECG email"]
[Date "2006.06.05"]
[Round "?"]
[White "Borst, John C"]
[Black "Dawnay, David"]
[Result "0-1"]
[WhiteElo "1963"]
[BlackElo "1820"]
[PlyCount "32"]
[EventDate "2006.06.05"]
[EventType "tourn (corr)"]
[EventRounds "14"]
[SourceTitle "Corr 2008"]
[Source "ChessBase"]
[SourceDate "2008.06.24"]
[SourceVersion "1"]
[SourceVersionDate "2008.06.24"]
[SourceQuality "1"]

1. e4 e6 2. d4 d5 3. Nd2 c5 4. exd5 exd5 5. Ngf3 Nc6 6. Bb5 Bd6 7. 0-0 cxd4 8. Nb3 Nge7 9. Qxd4 0-0 10. Qh4 Qc7 11. Re1 Nb4 12. Bd3 Bf5 13. Bd2 Nxd3 14. cxd3 Bxd3 15. Rac1 Nc6 16. Nc5 Bg6 0-1

[Event "IECG WC.2005.F.00004 email"]
[Site "IECG email"]
[Date "2006.06.05"]
[Round "?"]
[White "Borst, John C"]
[Black "Deforel, Jorge Eduardo"]
[Result "0-1"]
[WhiteElo "1963"]
[BlackElo "2000"]
[PlyCount "38"]
[EventDate "2006.06.05"]
[EventType "tourn (corr)"]
[EventRounds "14"]
[SourceTitle "Corr 2008"]
[Source "ChessBase"]
[SourceDate "2008.06.24"]
[SourceVersion "1"]
[SourceVersionDate "2008.06.24"]
[SourceQuality "1"]

1. e4 e5 2. Nf3 Nf6 3. Nxe5 d6 4. Nf3 Nxe4 5. d4 d5 6. Bd3 Be7 7. 0-0 Nc6 8. c4 Nb4 9. Be2 0-0 10. Nc3 Bf5 11. a3 Nxc3 12. bxc3 Nc6 13. Re1 Re8 14. Bf4 dxc4 15. Bxc4 Bd6 16. Qd2 Qd7 17. Bxd6 cxd6 18. Nh4 d5 19. Nxf5 Qxf5 0-1

[Event "IECG SI.2006.0.00047"]
[Site "IECG email"]
[Date "2006.05.05"]
[Round "?"]
[White "Borst, John C"]
[Black "Sherwood, Russell"]
[Result "0-1"]
[WhiteElo "1963"]
[BlackElo "1806"]
[PlyCount "54"]
[EventDate "2006.05.05"]
[EventType "tourn (corr)"]
[EventRounds "6"]
[SourceTitle "Corr 2008"]
[Source "ChessBase"]
[SourceDate "2008.06.24"]
[SourceVersion "1"]
[SourceVersionDate "2008.06.24"]
[SourceQuality "1"]

1. e4 c6 2. d4 d5 3. Nc3 dxe4 4. Nxe4 Bf5 5. Ng3 Bg6 6. h4 h6 7. Nf3 Nd7 8. h5 Bh7 9. Bd3 Bxd3 10. Qxd3 Ngf6 11. Bd2 Qc7 12. 0-0-0 e6 13. Ne4 0-0-0 14. g3 Nxe4 15. Qxe4 Bd6 16. c4 c5 17. d5 Nf6 18. Qc2 exd5 19. cxd5 Rhe8 20. Bc3 Qd7 21. Bxf6 gxf6 22. Kb1 Kb8 23. Nh4 Qg4 24. Nf5 Re2 25. Nxh6 Qf3 26. Qc3 Qe4+ 27. Qd3 Qe5 0-1

[Event "IECG SI.2006.0.00047"]
[Site "IECG email"]
[Date "2006.05.05"]
[Round "?"]
[White "Borst, John C"]
[Black "Stibal, George"]
[Result "0-1"]
[WhiteElo "1963"]
[BlackElo "1894"]
[PlyCount "52"]
[EventDate "2006.05.05"]
[EventType "tourn (corr)"]
[EventRounds "6"]
[SourceTitle "Corr 2008"]
[Source "ChessBase"]
[SourceDate "2008.06.24"]
[SourceVersion "1"]
[SourceVersionDate "2008.06.24"]
[SourceQuality "1"]

1. e4 c5 2. Nf3 d6 3. Bb5+ Bd7 4. Bxd7+ Qxd7 5. c4 Nc6 6. Nc3 g6 7. d4 cxd4 8. Nxd4 Bg7 9. Nde2 Nf6 10. f3 0-0 11. 0-0 a6 12. a4 Qc7 13. Be3 Qa5 14. Rb1 Nd7 15. Nd5 e6 16. Bd2 Qd8 17. Ne3 Rc8 18. b3 Qb6 19. Kh1 Qc7 20. Be1 f5 21. exf5 gxf5 22. Bg3 Be5 23. Bf4 b6 24. Qc2 Rf6 25. Bxe5 dxe5 26. Rfd1 Rg6 0-1

[Event "LSS SH-2006-0-00047"]
[Site "LSS email"]
[Date "2006.04.18"]
[Round "?"]
[White "Thomas, Michael Burgin"]
[Black "Borst, John C"]
[Result "0-1"]
[WhiteElo "2045"]
[BlackElo "1817"]
[PlyCount "22"]
[EventDate "2006.04.15"]
[EventType "tourn (corr)"]
[EventRounds "10"]
[EventCountry "GER"]
[SourceTitle "Corr 2015"]
[Source "ChessBase"]
[SourceDate "2015.07.17"]
[SourceVersion "1"]
[SourceVersionDate "2015.07.17"]
[SourceQuality "1"]

1. e4 e5 2. Nf3 Nf6 3. Nxe5 d6 4. Nf3 Nxe4 5. Nc3 Nxc3 6. dxc3 Be7 7. Bf4 0-0 8. Qd2 Nd7 9. 0-0-0 Nc5 10. Be3 Be6 11. Kb1 Ne4 0-1

[Event "IECG OP.2006.0.00008"]
[Site "IECG email"]
[Date "2006.04.16"]
[Round "?"]
[White "Starace, Umberto"]
[Black "Borst, John C"]
[Result "1/2-1/2"]
[WhiteElo "1952"]
[BlackElo "2000"]
[PlyCount "84"]
[EventDate "2006.04.16"]
[EventType "tourn (corr)"]
[EventRounds "6"]
[SourceTitle "Corr 2008"]
[Source "ChessBase"]
[SourceDate "2008.06.24"]
[SourceVersion "1"]
[SourceVersionDate "2008.06.24"]
[SourceQuality "1"]

1. e4 c5 2. Nf3 d6 3. d4 cxd4 4. Nxd4 Nf6 5. Nc3 a6 6. Bc4 e6 7. 0-0 b5 8. Bb3 Be7 9. Qf3 Qb6 10. Be3 Qb7 11. Qg3 b4 12. Na4 Nbd7 13. f3 0-0 14. Rad1 Kh8 15. Rfe1 Rb8 16. Kh1 Ne5 17. Nb6 Qxb6 18. Nxe6 Nh5 19. Qf2 Qb5 20. Nxf8 Bxf8 21. Bg5 h6 22. f4 Ng4 23. Qh4 Qb7 24. Rd2 Nhf6 25. Bxf6 Nxf6 26. e5 dxe5 27. fxe5 Nh7 28. Rd8 Be6 29. Bxe6 fxe6 30. Rd2 Be7 31. Qc4 Ng5 32. h4 Rc8 33. Qg4 Nh7 34. Qxe6 Bxh4 35. Qg4 Be7 36. Red1 Nf8 37. Rf1 Bc5 38. e6 Qc6 39. Re2 Nh7 40. e7 Re8 41. Qc4 Qd6 42. Re6 Qd7 1/2-1/2

[Event "IECG SH.2006.0.00047"]
[Site "IECG email"]
[Date "2006.04.15"]
[Round "?"]
[White "Borst, John C"]
[Black "Pedro, Fernando"]
[Result "0-1"]
[WhiteElo "2000"]
[BlackElo "2197"]
[PlyCount "148"]
[EventDate "2006.04.15"]
[EventType "tourn (corr)"]
[EventRounds "6"]
[SourceTitle "Corr 2008"]
[Source "ChessBase"]
[SourceDate "2008.06.24"]
[SourceVersion "1"]
[SourceVersionDate "2008.06.24"]
[SourceQuality "1"]

1. e4 c5 2. Nf3 Nc6 3. d4 cxd4 4. Nxd4 e5 5. Nb5 d6 6. c4 Be7 7. N1c3 a6 8. Na3 f5 9. Nd5 f4 10. g3 Nf6 11. Bd3 0-0 12. Nc2 Kh8 13. b4 Bg4 14. f3 Bh3 15. Bf1 Bxf1 16. Rxf1 Nxd5 17. exd5 Nb8 18. Qd3 Nd7 19. Kd1 a5 20. Rb1 axb4 21. Nxb4 Nc5 22. Qc2 Qd7 23. gxf4 Qh3 24. Qe2 Bf6 25. Rg1 Rae8 26. Rg3 Qh5 27. f5 Qxf5 28. Nc2 e4 29. f4 Nd3 30. Be3 Rc8 31. Na3 Qd7 32. Qc2 Qf7 33. Qe2 Qe8 34. Rb3 Qa4 35. Qc2 Qa5 36. Qd2 Qa6 37. Qc2 Qa5 38. Qd2 Qc7 39. Qc2 Qf7 40. Qe2 Ra8 41. Nb5 Be5 42. Rg1 Nxf4 43. Bxf4 Qxf4 44. Nc7 Qxh2 45. Qxh2 Bxh2 46. Rg2 Rf1+ 47. Ke2 Rg1 48. Rxg1 Rxa2+ 49. Ke3 Bxg1+ 50. Kxe4 b6 51. Rb1 Bc5 52. Ne6 Bf2 53. c5 Ra4+ 54. Kf3 Bxc5 55. Nxc5 dxc5 56. Rxb6 Kg8 57. Rc6 Rc4 58. Rc7 h6 59. Kg3 Kf8 60. Kf3 g5 61. Rh7 Rh4 62. Ke3 Ke8 63. Kd3 Rd4+ 64. Ke3 Rxd5 65. Rxh6 Re5+ 66. Kd3 Kf7 67. Ra6 g4 68. Ra4 Rg5 69. Ke2 g3 70. Kf1 g2+ 71. Kg1 Ke6 72. Ra2 Kd5 73. Ra4 Rg6 74. Ra5 Kd4 0-1

[Event "IECG SH.2006.0.00047"]
[Site "IECG email"]
[Date "2006.04.15"]
[Round "?"]
[White "Hinterberger, Werner"]
[Black "Borst, John C"]
[Result "1-0"]
[WhiteElo "2260"]
[BlackElo "2000"]
[PlyCount "73"]
[EventDate "2006.04.15"]
[EventType "tourn (corr)"]
[EventRounds "6"]
[SourceTitle "Corr 2008"]
[Source "ChessBase"]
[SourceDate "2008.06.24"]
[SourceVersion "1"]
[SourceVersionDate "2008.06.24"]
[SourceQuality "1"]

1. d4 Nf6 2. c4 e6 3. Nc3 Bb4 4. e3 0-0 5. Nge2 d5 6. a3 Be7 7. cxd5 Nxd5 8. Bd2 Nd7 9. g3 N5b6 10. Bg2 e5 11. 0-0 exd4 12. Nxd4 Ne5 13. Qc2 c5 14. Nf5 Bxf5 15. Qxf5 Qxd2 16. Qxe5 Bd6 17. Qf5 Qxb2 18. Rfc1 Rad8 19. a4 g6 20. Qe4 Rfe8 21. Qxb7 Re7 22. Qc6 Re6 23. Bh3 f5 24. a5 Nd7 25. Rab1 Qd2 26. Qa4 Be7 27. Qb3 c4 28. Qxc4 Nf8 29. Rd1 Qc2 30. Rxd8 Bxd8 31. Rb8 Qd2 32. Nd5 Qxa5 33. Bf1 g5 34. Qd4 Rc6 35. Rb7 Ne6 36. Nf6+ Kf8 37. Qd7 1-0

[Event "IECG SH.2006.0.00047"]
[Site "IECG email"]
[Date "2006.04.15"]
[Round "?"]
[White "Simmelink, Joop Theo"]
[Black "Borst, John C"]
[Result "1-0"]
[WhiteElo "2307"]
[BlackElo "2000"]
[PlyCount "83"]
[EventDate "2006.04.15"]
[EventType "tourn (corr)"]
[EventRounds "6"]
[SourceTitle "Corr 2008"]
[Source "ChessBase"]
[SourceDate "2008.06.24"]
[SourceVersion "1"]
[SourceVersionDate "2008.06.24"]
[SourceQuality "1"]

1. e4 c5 2. Nf3 d6 3. d4 cxd4 4. Nxd4 Nf6 5. Nc3 a6 6. Be3 e6 7. g4 h5 8. g5 Ng4 9. Bc1 Qb6 10. h3 Ne5 11. Be2 Nbc6 12. Nb3 g6 13. Be3 Qc7 14. f4 Nd7 15. Qd2 b5 16. 0-0-0 Bb7 17. Rhf1 b4 18. Nb1 Rc8 19. f5 Nce5 20. fxe6 fxe6 21. Nd4 Qa5 22. a3 Bxe4 23. Qxb4 Qxb4 24. axb4 Bg2 25. Bxa6 Rb8 26. Nxe6 Bxf1 27. Rxf1 Nc6 28. b5 Nb4 29. Ba7 Nxa6 30. bxa6 Rc8 31. Bd4 Ne5 32. Nc3 Kd7 33. Nf4 Be7 34. h4 Rhg8 35. Nfd5 Bd8 36. b4 Nc6 37. Rf7+ Ke6 38. Rf4 Nxd4 39. Rxd4 Rf8 40. b5 Rf5 41. b6 Bxb6 42. Nxb6 1-0

[Event "IECG CP.2003.S.00001 email"]
[Site "IECG email"]
[Date "2006.04.01"]
[Round "?"]
[White "Gazen, Louis"]
[Black "Borst, John C"]
[Result "1-0"]
[WhiteElo "2070"]
[BlackElo "1995"]
[PlyCount "35"]
[EventDate "2006.04.01"]
[EventType "tourn (corr)"]
[EventRounds "6"]
[EventCountry "CAN"]
[SourceTitle "Corr 2008"]
[Source "ChessBase"]
[SourceDate "2008.06.24"]
[SourceVersion "1"]
[SourceVersionDate "2008.06.24"]
[SourceQuality "1"]

1. e4 c5 2. Nf3 d6 3. d4 cxd4 4. Nxd4 Nf6 5. Nc3 a6 6. Bg5 e6 7. f4 Nbd7 8. Qf3 Qc7 9. Be2 b5 10. a3 Be7 11. Rd1 Bb7 12. 0-0 Qb6 13. Kh1 Rc8 14. Qh3 h6 15. Bxf6 Nxf6 16. Nxe6 fxe6 17. e5 d5 18. exf6 1-0

[Event "IECG CP.2003.S.00001 email"]
[Site "IECG email"]
[Date "2006.04.01"]
[Round "?"]
[White "Vidalina, Franjo"]
[Black "Borst, John C"]
[Result "1-0"]
[WhiteElo "2295"]
[BlackElo "1995"]
[PlyCount "47"]
[EventDate "2006.04.01"]
[EventType "tourn (corr)"]
[EventRounds "6"]
[EventCountry "CAN"]
[SourceTitle "Corr 2008"]
[Source "ChessBase"]
[SourceDate "2008.06.24"]
[SourceVersion "1"]
[SourceVersionDate "2008.06.24"]
[SourceQuality "1"]

1. e4 e5 2. Nf3 Nf6 3. d4 Nxe4 4. Bd3 d5 5. Nxe5 Nd7 6. Nxd7 Bxd7 7. 0-0 Bd6 8. c4 c6 9. cxd5 cxd5 10. Qh5 0-0 11. Qxd5 Bc6 12. Qh5 g6 13. Qh3 Ng5 14. Bxg5 Qxg5 15. Nc3 Rae8 16. Rfd1 Re7 17. d5 Bd7 18. Ne4 Rxe4 19. Qxd7 Rd8 20. Qxd8+ Qxd8 21. Bxe4 Qh4 22. Bf3 Qxh2+ 23. Kf1 Qh1+ 24. Ke2 1-0

[Event "IECG TE.2006.P.02133"]
[Site "IECG email"]
[Date "2006.03.17"]
[Round "?"]
[White "Borst, John C"]
[Black "James, Michael"]
[Result "0-1"]
[WhiteElo "1995"]
[BlackElo "1455"]
[PlyCount "46"]
[EventDate "2006.03.17"]
[EventType "tourn (corr)"]
[EventRounds "2"]
[SourceTitle "Corr 2008"]
[Source "ChessBase"]
[SourceDate "2008.06.24"]
[SourceVersion "1"]
[SourceVersionDate "2008.06.24"]
[SourceQuality "1"]

1. e4 c5 2. f4 e6 3. Nc3 d5 4. Bb5+ Nc6 5. Nf3 Nf6 6. Ne5 Qc7 7. Qf3 a6 8. Bxc6+ bxc6 9. 0-0 Bd6 10. d3 0-0 11. Kh1 Nd7 12. Nxd7 Bxd7 13. e5 Be7 14. Bd2 f6 15. exf6 Bxf6 16. Na4 Rab8 17. Rae1 c4 18. dxc4 Bxb2 19. Nc5 Rbe8 20. Bb4 Rf7 21. Qh3 a5 22. Bc3 Bxc3 23. Qxc3 Bc8 0-1

[Event "IECG CA.2006.0.00165 email"]
[Site "IECG email"]
[Date "2006.02.11"]
[Round "?"]
[White "Borst, John C"]
[Black "Starace, Umberto"]
[Result "1/2-1/2"]
[WhiteElo "2013"]
[BlackElo "1937"]
[PlyCount "60"]
[EventDate "2006.02.11"]
[EventType "tourn (corr)"]
[EventRounds "6"]
[SourceTitle "Corr 2008"]
[Source "ChessBase"]
[SourceDate "2008.06.24"]
[SourceVersion "1"]
[SourceVersionDate "2008.06.24"]
[SourceQuality "1"]

1. e4 c5 2. Nf3 d6 3. Bb5+ Bd7 4. Bxd7+ Qxd7 5. c4 Nf6 6. Nc3 Nc6 7. d4 cxd4 8. Nxd4 g6 9. Nde2 Bg7 10. f3 0-0 11. 0-0 a6 12. a4 e6 13. Bg5 Qc7 14. b3 Nd7 15. Kh1 Nc5 16. Rb1 b6 17. b4 Nb7 18. f4 f5 19. exf5 gxf5 20. Qd3 a5 21. Nb5 Qd7 22. bxa5 bxa5 23. Rfd1 Nb4 24. Qg3 Rac8 25. Bh6 Rf7 26. Rd4 Kh8 27. Bxg7+ Rxg7 28. Qf3 Qc6 29. Qxc6 Rxc6 30. Rd2 Rg6 1/2-1/2

[Event "IECG TE.2005.P.02031"]
[Site "IECG email"]
[Date "2005.12.29"]
[Round "?"]
[White "Borst, John C"]
[Black "Peinador, Dan"]
[Result "1-0"]
[WhiteElo "2011"]
[BlackElo "1969"]
[PlyCount "59"]
[EventDate "2005.12.19"]
[EventType "tourn (corr)"]
[EventRounds "8"]
[SourceTitle "Corr 2008"]
[Source "ChessBase"]
[SourceDate "2008.06.24"]
[SourceVersion "1"]
[SourceVersionDate "2008.06.24"]
[SourceQuality "1"]

1. e4 e5 2. Nf3 Nc6 3. c3 d5 4. Qa4 Bd7 5. exd5 Nd4 6. Qd1 Nxf3+ 7. Qxf3 Nf6 8. Bc4 e4 9. Qe2 Bd6 10. d4 0-0 11. Bg5 Re8 12. 0-0 h6 13. Bh4 g5 14. Bg3 Bg4 15. Qe3 Nh5 16. Bxd6 Qxd6 17. Nd2 f5 18. h3 f4 19. Nxe4 Qg6 20. Qd2 Bxh3 21. gxh3 g4 22. d6+ Kh8 23. hxg4 Rxe4 24. f3 Re3 25. dxc7 Qc6 26. Qh2 Ng3 27. Rfe1 Rxf3 28. Re6 Qxc4 29. Qxh6+ Kg8 30. Rg6+ 1-0

[Event "IECG TE.2005.P.02004"]
[Site "IECG email"]
[Date "2005.12.19"]
[Round "?"]
[White "Abbey, William"]
[Black "Borst, John C"]
[Result "1/2-1/2"]
[WhiteElo "1424"]
[BlackElo "2011"]
[PlyCount "80"]
[EventDate "2005.12.19"]
[EventType "tourn (corr)"]
[EventRounds "8"]
[SourceTitle "Corr 2008"]
[Source "ChessBase"]
[SourceDate "2008.06.24"]
[SourceVersion "1"]
[SourceVersionDate "2008.06.24"]
[SourceQuality "1"]

1. e4 e5 2. Nf3 Nc6 3. c3 Nf6 4. d4 Nxe4 5. d5 Ne7 6. Nxe5 Ng6 7. Qe2 Qe7 8. Qxe4 Qxe5 9. Qxe5+ Nxe5 10. Nd2 d6 11. Nc4 Nxc4 12. Bxc4 Be7 13. 0-0 0-0 14. Be3 Bd7 15. g3 Bf6 16. Rfe1 Rfe8 17. f3 a6 18. Kf2 Bb5 19. Bb3 a5 20. Bc2 a4 21. Bd2 g6 22. Rxe8+ Rxe8 23. Re1 Rxe1 24. Bxe1 Bc4 25. Bxa4 Bxd5 26. a3 Bg5 27. f4 Be7 28. g4 Be4 29. Ke3 d5 30. b4 f5 31. g5 h6 32. h4 c5 33. Be8 Kg7 34. Bf2 hxg5 35. hxg5 Bd6 36. Bg3 b6 37. Bf2 Bb8 38. Bb5 Kf7 39. Bg3 Bc7 40. Bf2 Ke7 1/2-1/2

[Event "IECG TE.2005.P.02004"]
[Site "IECG email"]
[Date "2005.12.19"]
[Round "?"]
[White "Borst, John C"]
[Black "Abbey, William"]
[Result "0-1"]
[WhiteElo "2011"]
[BlackElo "1424"]
[PlyCount "86"]
[EventDate "2005.12.19"]
[EventType "tourn (corr)"]
[EventRounds "8"]
[SourceTitle "Corr 2008"]
[Source "ChessBase"]
[SourceDate "2008.06.24"]
[SourceVersion "1"]
[SourceVersionDate "2008.06.24"]
[SourceQuality "1"]

1. e4 e5 2. Nf3 Nc6 3. c3 Nf6 4. d4 Nxe4 5. d5 Ne7 6. Nxe5 Ng6 7. Qd4 Nf6 8. Nxg6 hxg6 9. Be2 b6 10. c4 Bc5 11. Qe5+ Kf8 12. Nc3 Ba6 13. Bg5 Bd6 14. Qe3 Qe8 15. h3 Bc5 16. Qd3 Qe5 17. f4 Qe3 18. Qxe3 Bxe3 19. d6 c6 20. Rd1 Re8 21. b3 Ng8 22. Rf1 f6 23. Rf3 Bc5 24. a3 Bb7 25. b4 Be3 26. Kf1 c5 27. Nd5 Bd4 28. Bd3 Kf7 29. f5 gxf5 30. Bxf5 fxg5 31. Be4+ Nf6 32. Nxf6 gxf6 33. Bxb7 Ke6 34. Be4 Kxd6 35. Bg6 Re6 36. Bf7 Re5 37. g4 f5 38. gxf5 Ke7 39. Bg6 g4 40. f6+ Ke6 41. Rxd4 gxf3 42. Bf7+ Kxf7 43. Rxd7+ Kxf6 0-1

[Event "IECG TE.2005.P.02004"]
[Site "IECG email"]
[Date "2005.12.19"]
[Round "?"]
[White "Plant, Kevin D"]
[Black "Borst, John C"]
[Result "1/2-1/2"]
[WhiteElo "1940"]
[BlackElo "2011"]
[PlyCount "78"]
[EventDate "2005.12.19"]
[EventType "tourn (corr)"]
[EventRounds "8"]
[SourceTitle "Corr 2008"]
[Source "ChessBase"]
[SourceDate "2008.06.24"]
[SourceVersion "1"]
[SourceVersionDate "2008.06.24"]
[SourceQuality "1"]

1. e4 e5 2. Nf3 Nc6 3. c3 Nf6 4. d4 Nxe4 5. dxe5 Bc5 6. Qd5 Bxf2+ 7. Ke2 f5 8. Nbd2 Ne7 9. Qb3 Bb6 10. Nxe4 fxe4 11. Ng5 d5 12. exd6 Bg4+ 13. Ke1 Qxd6 14. Qf7+ Kd7 15. Bf4 Qc5 16. Rd1+ Bxd1 17. Qe6+ Kd8 18. Kxd1 Qd5+ 19. Kc2 Qxe6 20. Nxe6+ Kd7 21. Bc4 c6 22. Rd1+ Nd5 23. Nxg7 Rhg8 24. Bxd5 cxd5 25. Rxd5+ Kc6 26. Rd6+ Kb5 27. Ne6 Rxg2+ 28. Kb3 Rc8 29. c4+ Ka5 30. Be5 e3 31. c5 e2 32. Bc3+ Ka6 33. Kc4 e1B 34. Bxe1 Rxb2 35. a4 Re2 36. Bc3 Rxe6 37. Rxe6 Rxc5+ 38. Kb3 Rc6 39. Re5 Rh6 1/2-1/2

[Event "IECG CA.2005.0.00160"]
[Site "IECG email"]
[Date "2005.11.01"]
[Round "?"]
[White "Borst, John C"]
[Black "Turko, Sergey Ivanovich"]
[Result "0-1"]
[WhiteElo "2004"]
[BlackElo "2115"]
[PlyCount "62"]
[EventDate "2005.11.01"]
[EventType "tourn (corr)"]
[EventRounds "6"]
[SourceTitle "Corr 2008"]
[Source "ChessBase"]
[SourceDate "2008.06.24"]
[SourceVersion "1"]
[SourceVersionDate "2008.06.24"]
[SourceQuality "1"]

1. e4 e5 2. Nf3 Nc6 3. Bb5 a6 4. Ba4 Nf6 5. 0-0 Be7 6. Re1 b5 7. Bb3 0-0 8. a4 b4 9. d3 d6 10. Nbd2 Na5 11. Ba2 c5 12. Nc4 Nxc4 13. Bxc4 a5 14. h3 Nd7 15. c3 Nb6 16. Bb5 f5 17. Qb3+ Kh8 18. cxb4 axb4 19. a5 Nd7 20. Qa2 Ra7 21. b3 Nb8 22. Nd2 Bb7 23. Qa4 Qc7 24. Nc4 Bh4 25. g3 fxe4 26. gxh4 exd3 27. Be3 Qe7 28. Kh2 Qxh4 29. Ra2 Bc8 30. Nxd6 Qxh3+ 31. Kg1 Qg4+ 0-1

[Event "IECG CA.2005.0.00160"]
[Site "IECG email"]
[Date "2005.11.01"]
[Round "?"]
[White "Lannaioli, Alfonsino"]
[Black "Borst, John C"]
[Result "1-0"]
[WhiteElo "2082"]
[BlackElo "2004"]
[PlyCount "89"]
[EventDate "2005.11.01"]
[EventType "tourn (corr)"]
[EventRounds "6"]
[SourceTitle "Corr 2008"]
[Source "ChessBase"]
[SourceDate "2008.06.24"]
[SourceVersion "1"]
[SourceVersionDate "2008.06.24"]
[SourceQuality "1"]

1. e4 c5 2. Nf3 d6 3. d4 cxd4 4. Nxd4 Nf6 5. Nc3 a6 6. Bg5 e6 7. f4 Qc7 8. Qf3 b5 9. 0-0-0 b4 10. Nce2 Nbd7 11. Ng3 Bb7 12. Bd3 Be7 13. Nh5 0-0 14. Rhe1 Rfc8 15. Nxf6+ Bxf6 16. Bxf6 Nxf6 17. Qh3 d5 18. e5 Ne4 19. Kb1 Rd8 20. g4 Rac8 21. Qe3 Re8 22. h4 Red8 23. g5 a5 24. h5 a4 25. g6 a3 26. Nb5 Qc5 27. gxf7+ Kxf7 28. Bxe4 Qxe3 29. Rxe3 dxe4 30. Nd6+ Kf8 31. Rd4 Bc6 32. Rxb4 Be8 33. bxa3 Rc7 34. Nxe8 Kxe8 35. Rexe4 Rd1+ 36. Kb2 Rh1 37. a4 Rxh5 38. a5 Rh2 39. Rec4 Ra7 40. Rb6 Kf7 41. a6 Rd2 42. Rc8 Rdd7 43. Rcb8 Rdc7 44. f5 Re7 45. R8b7 1-0